000 01055nam a22002537a 4500
999 _c5665
_d5665
003 OSt
005 20251013150603.0
008 251013b ||||| |||| 00| 0 eng d
020 _a9781474915083
_qbook set
040 _cKH8
082 _aFIC STO
100 _aStowell, Louie,
_eauthor.
245 _aBeauty & the Beast /
_cretold by Louie Stowell ; illustrated by Victor Tavares.
260 _aEngland ;
_bUsborne Publishing Ltd ,
_c2006.
300 _a63 pages :
_bcolor illustrations ;
_c20 cm.
490 _aUsborne Young Reading
_vseries two
520 _a"I took a rose from the garden of a monstrous beast and he has sworn to kill me..." When Beauty reads this letter from her father, she bravely rides to the Beast's enchanted castle in his place. The Beast is truly terrifying, but, as Beauty soon realizes, nothing is quite as it seems.
650 _aEasy reading
_vfiction
650 _aStory book
_vfiction
650 _aYoung readers
700 _aTavares, Victor,
_eillustrator.
830 _aUsborne Young Reading
942 _2ddc
_cFIC